000 00375nam a22001217a 4500
999 _c109741
_d109741
005 20181221120143.0
008 181221b ||||| |||| 00| 0 eng d
040 _cPK-LaUMT
082 _aRHC 297.05
_bMAA-
245 _aMaarif research journal (Jan-June 2011 Issue: 1)
_bEnglish - Urdu
_cMuhammad Ishaq(edi)
260 _aKarachi;
_bIslamic research academy
_c2011
942 _cBK